000 nam a22 7a 4500
999 _c10918
_d10918
008 180326b ||||| |||| 00| 0 eng d
100 _aNIIT
_96728
245 _aStart up Coursre - IX
260 _aNew Delhi
_bNIIT Publication
_c2005